[Event "Catalunya-ch"]
[Site "Lleida"]
[Date "2009.05.19"]
[Round "2.2"]
[White "Narciso Dublan, Marc"]
[Black "Vila Gazquez, Jordi"]
[Result "1/2-1/2"]
[WhiteElo "2534"]
[BlackElo "2449"]
[PlyCount "122"]
[EventDate "2009.05.16"]
[EventType "k.o."]
[EventRounds "4"]
[EventCountry "ESP"]
[SourceTitle "CBM 130 Extra"]
[Source "ChessBase"]
[SourceDate "2009.07.02"]
[SourceVersion "2"]
[SourceVersionDate "2009.07.15"]
[SourceQuality "1"]

1. c4 e5 2. Nc3 d6 3. Nf3 Nd7 4. d4 Ngf6 5. e4 g6 6. g3 Bg7 7. Bg2 0-0 8. 0-0 c6 9. b3 Re8 10. h3 a6 11. a4 exd4 12. Nxd4 Nc5 13. Re1 a5 14. Bf4 Qb6 15. Be3 Bd7 16. Qc2 Re7 17. Rad1 Rae8 18. Kh2 Bc8 19. f3 h6 20. Bf2 Qc7 21. Re2 h5 22. Kh1 Bh6 23. Ree1 Na6 24. Qb1 Bg7 25. Qc1 Kh7 26. Qd2 Bh6 27. Qb2 Nd7 28. Bf1 Ndc5 29. Ndb5 cxb5 30. Nd5 Bg7 31. Bd4 Bxd4 32. Qxd4 Qd8 33. Nf6+ Kh6 34. Qe3+ g5 35. h4 Re5 36. hxg5+ Kg7 37. Nxe8+ Rxe8 38. cxb5 Nb4 39. Qd4+ Kg8 40. Qxd6 Qxg5 41. Bc4 Ne6 42. Qd2 Qf6 43. f4 b6 44. Qh2 Kg7 45. Rd6 Qc3 46. Qd2 Qxd2 47. Rxd2 Nc5 48. e5 Bb7+ 49. Kh2 Re7 50. Rd6 Ne4 51. Rxb6 Nf2 52. f5 Rd7 53. e6 Ng4+ 54. Kg1 Re7 55. Rd1 fxe6 56. fxe6 Be4 57. Rd7 Kf6 58. Rb8 Rxe6 59. Rf8+ Ke5 60. Bxe6 Kxe6 61. Rd4 Bd5 1/2-1/2

[Event "Andorra op 25th"]
[Site "Andorra"]
[Date "2007.07.07"]
[Round "8"]
[White "Vila Gazquez, Jordi"]
[Black "Flores, Diego"]
[Result "1/2-1/2"]
[WhiteElo "2075"]
[BlackElo "2543"]
[PlyCount "97"]
[EventDate "2007.06.30"]
[EventType "swiss"]
[EventRounds "9"]
[EventCountry "AND"]
[SourceTitle "CBM 119 Extra"]
[Source "ChessBase"]
[SourceDate "2007.09.04"]
[SourceVersion "1"]
[SourceVersionDate "2007.09.04"]
[SourceQuality "1"]

1. e4 c5 2. Nf3 e6 3. d4 cxd4 4. Nxd4 a6 5. Bd3 Qc7 6. 0-0 Nf6 7. Qe2 d6 8. Kh1 Nbd7 9. f4 Be7 10. Bd2 g6 11. c4 h5 12. Nc3 h4 13. Rae1 Nh5 14. Nd5 exd5 15. exd5 Ndf6 16. f5 g5 17. Bxg5 Kf8 18. Qe3 Ng8 19. Ne6+ fxe6 20. fxe6+ Ngf6 21. Qe4 Bd8 22. Qg6 Qg7 23. e7+ Bxe7 24. Qxg7+ Nxg7 25. Bxf6 Bxf6 26. Rxf6+ Kg8 27. Rxd6 Bf5 28. Bxf5 Nxf5 29. Rg6+ Kf7 30. Rb6 Rhe8 31. Rf1 Re5 32. Rxb7+ Kg6 33. Rb3 Ne3 34. Re1 Nxc4 35. Rxe5 Nxe5 36. h3 Kf5 37. Rb4 Rh8 38. Rb6 Rc8 39. Kg1 Rc2 40. Rd6 Nd3 41. Rh6 Kg5 42. Rh8 Nf4 43. Rg8+ Kf5 44. Rg4 Rxb2 45. d6 Rd2 46. d7 Ng6 47. g3 Rxd7 48. gxh4 Nf4 49. Rg8 1/2-1/2

[Event "Andorra op 25th"]
[Site "Andorra"]
[Date "2007.07.06"]
[Round "7"]
[White "Navarro Cia, Miguel"]
[Black "Vila Gazquez, Jordi"]
[Result "0-1"]
[WhiteElo "2338"]
[BlackElo "2075"]
[PlyCount "110"]
[EventDate "2007.06.30"]
[EventType "swiss"]
[EventRounds "9"]
[EventCountry "AND"]
[SourceTitle "CBM 119 Extra"]
[Source "ChessBase"]
[SourceDate "2007.09.04"]
[SourceVersion "1"]
[SourceVersionDate "2007.09.04"]
[SourceQuality "1"]

1. e4 c5 2. Nf3 Nc6 3. d4 cxd4 4. Nxd4 Qc7 5. Nc3 e6 6. Be3 a6 7. Qd2 Nf6 8. 0-0-0 Nxd4 9. Qxd4 Ng4 10. Bg5 Qc5 11. Qd2 f6 12. Bf4 b5 13. Be2 Ne5 14. Be3 Qc6 15. f4 Nc4 16. Bxc4 Qxc4 17. f5 Be7 18. b3 Qc6 19. Qd3 Bb7 20. Rhe1 Rc8 21. Bd2 0-0 22. Kb1 b4 23. Na4 Rfd8 24. Rc1 d5 25. e5 exf5 26. Qxf5 d4 27. exf6 Bxf6 28. Bxb4 Qb5 29. Qxb5 axb5 30. Nc5 Bxg2 31. Rg1 Bd5 32. Nd3 Re8 33. Rcf1 Kf7 34. Bc5 Re4 35. Rg5 Be6 36. Bb6 Re2 37. Rxb5 Rcxc2 38. Bxd4 Rcd2 39. Rb7+ Ke8 40. Bxf6 gxf6 41. Nc1 Rxh2 42. Rxf6 Bd5 43. Rc7 Be4+ 44. Ka1 Rb2 45. Re6+ Kd8 46. Rxe4 Kxc7 47. Rc4+ Kb7 48. a4 Rbc2 49. Rb4+ Ka6 50. Kb1 h5 51. Nd3 Rcd2 52. Nc1 h4 53. Rc4 Rd1 54. b4 Rhh1 55. b5+ Ka5 0-1

[Event "Andorra op 25th"]
[Site "Andorra"]
[Date "2007.07.04"]
[Round "5"]
[White "Baklan, Vladimir"]
[Black "Vila Gazquez, Jordi"]
[Result "1-0"]
[WhiteElo "2618"]
[BlackElo "2075"]
[PlyCount "44"]
[EventDate "2007.06.30"]
[EventType "swiss"]
[EventRounds "9"]
[EventCountry "AND"]
[SourceTitle "CBM 119 Extra"]
[Source "ChessBase"]
[SourceDate "2007.09.04"]
[SourceVersion "1"]
[SourceVersionDate "2007.09.04"]
[SourceQuality "1"]

1. e4 c5 2. Nf3 e6 3. Nc3 Nc6 4. g3 Qc7 5. Bg2 a6 6. 0-0 h5 7. d3 Be7 8. h3 d6 9. Be3 Nf6 10. a4 Rb8 11. Ng5 Kf8 12. f4 b5 13. axb5 axb5 14. f5 e5 15. Nb1 Qb7 16. Nd2 Ra8 17. Rb1 Bd8 18. c3 Bb6 19. Bf2 Ke7 20. Bf3 Bd8 21. Kg2 Qa7 22. Qe1 Qc7 1-0

[Event "Hostafrancs op 5th"]
[Site "Barcelona"]
[Date "2003.09.01"]
[Round "3"]
[White "Vila Gazquez, Jordi"]
[Black "Lacasa Diaz, Jose Antonio"]
[Result "0-1"]
[WhiteElo "2133"]
[BlackElo "2398"]
[PlyCount "46"]
[EventDate "2003.08.30"]
[EventType "swiss"]
[EventRounds "9"]
[EventCountry "ESP"]
[SourceTitle "EXT 2004"]
[Source "ChessBase"]
[SourceDate "2003.11.25"]
[SourceVersion "1"]
[SourceVersionDate "2003.11.25"]
[SourceQuality "1"]

1. e4 c5 2. Nc3 e6 3. g3 Nc6 4. Bg2 Nf6 5. f4 d5 6. exd5 exd5 7. Nf3 Be7 8. 0-0 d4 9. Nb1 0-0 10. d3 Be6 11. Ng5 Bg4 12. Bf3 Bxf3 13. Qxf3 Nd5 14. Bd2 h6 15. Ne4 f5 16. Nf2 Bf6 17. Na3 Qd7 18. Rfe1 Rfe8 19. Kf1 a6 20. h3 b5 21. g4 Ne3+ 22. Bxe3 dxe3 23. Nd1 Nd4 0-1